[Event "DVM U16 2012"]
[Site "Naumburg (Saale) GER"]
[Date "2012.12.27"]
[Round "1"]
[White "Oshionwu, Nelo"]
[Black "Koop, Thorben"]
[Result "0-1"]
[Termination "normal"]
[Board "1.1"]
[WhiteElo "1887"]
[BlackElo "2147"]
[WhiteTeam "KSV Rochade Göttingen"]
[BlackTeam "SV Lingen"]
[WhiteFideId "12913405"]
[BlackFideId "24661619"]
[EventCountry "GER"]
[EventRounds "7"]
[EventType "team-swiss"]
[EventDate "2012.12.26"]

1. e4  c5 2. Nc3 Nc6 3. f4 g6 4. Nf3 Bg7 5. Bb5 Nh6 6. d3 d6 7. h3 O-O 8. Bxc6
bxc6 9. Rb1 Rb8 10. Bd2 Kh8 11. Na4 c4 12. d4 f5 13. e5 Be6 14. Ng5 Bg8 15. Qe2
c5 16. dxc5 dxe5 17. c6 e4 18. Nc5 c3 19. Be3 Bxa2 20. b3 Bxb1 21. Nce6 Qd6 22.
c7 Rbc8 23. Nxg7 Kxg7 24. Qc4 Nf7 25. Ne6+ Kg8 26. O-O Bxc2 27. Nxf8 Rxc7  28.
Qb5 Kxf8 29. g4 Bd3 30. Rc1 0-1

[Event "DVM U16 2012"]
[Site "Naumburg (Saale) GER"]
[Date "2012.12.27"]
[Round "1"]
[White "Oehne, Timo"]
[Black "Rosin, Julius"]
[Result "0-1"]
[Termination "normal"]
[Board "1.2"]
[WhiteElo "1934"]
[BlackElo "1840"]
[WhiteTeam "SV Lingen"]
[BlackTeam "KSV Rochade Göttingen"]
[WhiteFideId "24661635"]
[BlackFideId "12909610"]
[EventCountry "GER"]
[EventRounds "7"]
[EventType "team-swiss"]
[EventDate "2012.12.26"]

1. Nf3  d5 2. e3 Nf6 3. c4 e6 4. Nc3 Be7 5. Be2 O-O 6. O-O c6 7. b3 b6 8. Qc2
Bb7 9. Rd1 Nbd7 10. d4 Rc8 11. e4 dxe4 12. Nxe4 Nxe4 13. Qxe4 Nf6 14. Qf4 Qc7
15. Qxc7 Rxc7 16. Bf4 Rcc8 17. Ne5 Rfd8 18. Bf3 Kf8 19. a4 a5 20. Rac1 Nd7 21.
Nd3 Ba6 22. c5 Bxd3 23. Rxd3 Nxc5 24. dxc5 Rxd3 25. Be2 Rxb3 26. Ba6 Re8 27.
Bc4 Rb4 28. Bd2 Bxc5 29. Bxb4 Bxb4 30. Be2 Bc5 31. Ba6 Rd8 32. Bb7 Rd6 33. g3
Ke7 34. Rc2 Kd7 35. Kg2 Rd4 36. Ra2 Kc7 37. Ba6 Bb4 38. Kf3 Rd2 39. Rxd2 Bxd2
40. Ke2 Bb4 41. Kd3 Kd6 42. Kc4 Bc5 43. f3 Bg1 44. h3 Bf2 45. g4 e5 46. Bc8 g6
47. Bb7 Bg1 48. Bc8 Kc7 49. Ba6 f5 50. gxf5 gxf5 51. Kd3 Kd6 52. Bc8 e4+ 53.
fxe4 fxe4+ 54. Kxe4 Kc5 55. Kd3 Kb4 56. Bd7 Kxa4 57. Bxc6+ Kb4 58. Kc2 Bd4 59.
Bd7 a4 60. Kb1 b5 61. Ka2 Ka5 62. Be6 b4 63. Bf7 b3+ 64. Bxb3 axb3+ 65. Kxb3
Kb5 66. Kc2 Kc5 67. Kd3 Kd5 68. Ke2 Ke4 69. Kf1 Kf3 70. h4 h5 71. Ke1 Kg2 0-1

[Event "DVM U16 2012"]
[Site "Naumburg (Saale) GER"]
[Date "2012.12.27"]
[Round "1"]
[White "Drehwald, Manuel"]
[Black "Bach, Jannik"]
[Result "1-0"]
[Termination "normal"]
[Board "1.3"]
[WhiteElo "1799"]
[BlackElo "1877"]
[WhiteTeam "KSV Rochade Göttingen"]
[BlackTeam "SV Lingen"]
[WhiteFideId "12934330"]
[BlackFideId "24615900"]
[EventCountry "GER"]
[EventRounds "7"]
[EventType "team-swiss"]
[EventDate "2012.12.26"]

1. d4 Nf6 2. Nf3 e6 3. Bg5 d5 4. e3 Be7 5. Bd3 Nbd7 6. Nbd2 c5 7. c3 O-O 8. O-O
b6 9. Qe2 Bb7 10. Rfc1 Ne4 11. Bxe7 Qxe7 12. Qd1 e5 13. dxe5 Nxe5 14. Nxe5 Qxe5
15. Nf3 Qf6 16. Qe2 Rfe8 17. Rd1 Re7 18. Qf1 Nd6 19. Rac1 Rae8 20. Be2 Qg6 21.
Kh1 Re6 22. Qg1 Qh6 23. h3 Rf6 24. Qh2 Ne4 25. Rf1 Qg6 26. Rcd1 Qf5 27. Kg1 Qe6
28. Kh1 g5 29. Kg1 Rh6 30. Nd2 Nd6 31. Qg3 Rg6 32. Rde1 Rf8 33. Bh5 Rg7 34. Bf3
f5 35. a3 Qf6 36. Rd1 Ne4 37. Nxe4 fxe4 38. Bg4 Rd8 39. f4 gxf4 40. Rxf4 Qe7
41. Rdf1 h5 42. Rf7 Qd6 43. Qxd6 Rxd6 44. Rf8+ Kh7 45. Bf5+ Kh6 46. h4 Re7 47.
Rh8+ Kg7 48. Rh7+ Kf8 49. Be6+ 1-0

[Event "DVM U16 2012"]
[Site "Naumburg (Saale) GER"]
[Date "2012.12.27"]
[Round "1"]
[White "Vonhoff, Nils"]
[Black "Hartogh, Christian"]
[Result "1-0"]
[Termination "normal"]
[Board "1.4"]
[WhiteElo "1786"]
[BlackElo "1706"]
[WhiteTeam "SV Lingen"]
[BlackTeam "KSV Rochade Göttingen"]
[WhiteFideId "24692301"]
[BlackFideId "12949256"]
[EventCountry "GER"]
[EventRounds "7"]
[EventType "team-swiss"]
[EventDate "2012.12.26"]

1. e4 e5 2. Bc4 Nc6 3. c3 Nf6 4. d3 d6 5. b4 a6 6. Qb3 Qe7 7. a4 Be6 8. Nf3
Bxc4 9. Qxc4 Qd7 10. O-O Be7 11. Nbd2 O-O 12. Re1 Rfe8 13. Qb3 Bf8 14. Bb2 Rad8
15. c4 Ne7 16. Nf1 Ng6 17. Rad1 c5 18. Bc3 b6 19. Ne3 Be7 20. bxc5 bxc5 21. Ba5
Rb8 22. Qc2 Bd8 23. Bxd8 Rexd8 24. Rb1 Ne7 25. Nd5 Nexd5 26. exd5 Qc7 27. Qc3
Rb7 28. Rxb7 Qxb7 29. Nd2 Qc7 30. Nb3 Nd7 31. Na5 Rb8 32. g4 g5 33. Qd2 h6 34.
Nc6 Re8 35. Rb1 Nb8 36. Na5 Re7 37. Qb2 Re8 38. Qc3 Qd7 39. h3 Qxa4 40. Rb6 Qd7
41. Qb3 Qc7 42. Nb7 Re7 43. Nxd6 Nd7 44. Rc6 Qa5 45. Nf5 Qe1+ 46. Kg2 Re8 47.
Nxh6+ Kg7 48. Nf5+ Kg8 49. Qb7 Rd8 1-0

[Event "DVM U16 2012"]
[Site "Naumburg (Saale) GER"]
[Date "2012.12.27"]
[Round "1"]
[White "Riehle, Marco"]
[Black "Yankelevich, Lev"]
[Result "0-1"]
[Termination "normal"]
[Board "2.1"]
[WhiteElo "1849"]
[BlackElo "2177"]
[WhiteTeam "SF Sasbach"]
[BlackTeam "SG Trier"]
[WhiteFideId "12904392"]
[BlackFideId "24684074"]
[EventCountry "GER"]
[EventRounds "7"]
[EventType "team-swiss"]
[EventDate "2012.12.26"]

1. e4 c5 2. Nf3 d6 3. d4 cxd4 4. Nxd4 Nf6 5. Nc3 e5 6. Nb3 Be6 7. f3 Be7 8. Be3
O-O 9. Qd2 d5 10. exd5 Nxd5 11. Nxd5 Qxd5 12. Qxd5 Bxd5 13. O-O-O Rd8 14. c4
Bc6 15. Rxd8+ Bxd8 16. Bd3 Nd7 17. Kb1 Nf6 18. Re1 Bc7 19. Kc2 h6 20. Nc5 b6
21. Ne4 Nd7 22. Nc3 Nf6 23. Ne4 Ne8 24. Nc3 Nd6 25. Nd5 Bd8 26. f4 e4 27. Be2
Rc8 28. Kb1 b5 29. Nb4 Nxc4 30. Bxc4 bxc4 31. Nxc6 Rxc6 32. Bxa7 f5 33. Rd1 Bf6
34. Kc2 c3 35. bxc3 Rxc3+ 36. Kb1 g5 37. fxg5 hxg5 38. Rd6 Be5 39. Rd5 Bxh2 40.
Rxf5 Bf4 41. Bf2 Rc1+ 42. Kb2 Rd1 43. Bg3 e3 44. Bxf4 gxf4 45. Re5 Rd2+ 46. Kc3
Rxg2 47. Re4 e2 48. Kd2 f3 49. Ke1 Rg1+ 50. Kf2 Rf1+ 0-1

[Event "DVM U16 2012"]
[Site "Naumburg (Saale) GER"]
[Date "2012.12.27"]
[Round "1"]
[White "Ehmann, Thilo"]
[Black "Kim, Yun-Ghi"]
[Result "1-0"]
[Termination "normal"]
[Board "2.3"]
[WhiteElo "1900"]
[BlackElo "1745"]
[WhiteTeam "SF Sasbach"]
[BlackTeam "SG Trier"]
[WhiteFideId "12940968"]
[BlackFideId "12925888"]
[EventCountry "GER"]
[EventRounds "7"]
[EventType "team-swiss"]
[EventDate "2012.12.26"]

1. e4 e6 2. d4 d5 3. Nd2 Nf6 4. Bd3 c5 5. e5 Nfd7 6. c3 Nc6 7. Ngf3 f6 8. exf6
Qxf6 9. Qa4 Nb6 10. Qd1 cxd4 11. cxd4 Bd6 12. O-O O-O 13. Nb3 e5 14. dxe5 Nxe5
15. Nxe5 Bxe5 16. Be3 Nc4 17. Nd4  Nxb2 18. Bxh7+ Kh8 19. Qh5 Bg4 20. Qxg4 Kxh7
21. Rab1 Nc4 22. Ne6 Rfb8 23. Ng5+ Kg8 24. h4 Nd6 25. Rfd1 b6 26. Rxd5 Rc8 27.
Rbd1 Rc2 28. f4 Nc4 29. fxe5 Nxe3 30. exf6 1-0

[Event "DVM U16 2012"]
[Site "Naumburg (Saale) GER"]
[Date "2012.12.27"]
[Round "1"]
[White "Bach, Marc-Andre"]
[Black "Gubela, Hans-Erich Constantin"]
[Result "0-1"]
[Termination "normal"]
[Board "2.4"]
[WhiteElo "1720"]
[BlackElo "1789"]
[WhiteTeam "SG Trier"]
[BlackTeam "SF Sasbach"]
[WhiteFideId "1270773"]
[BlackFideId "24692140"]
[EventCountry "GER"]
[EventRounds "7"]
[EventType "team-swiss"]
[EventDate "2012.12.26"]

1. e4 c5 2. Nc3 b6 3. g3 Bb7 4. Bg2 Nf6 5. d3 a6 6. Be3 e6 7. Nge2 Be7 8. O-O
O-O 9. h3 b5 10. f4 d5 11. e5 Nfd7 12. d4 cxd4 13. Nxd4 Nc6 14. Nce2 Rc8 15. c3
Bc5 16. Bf2 b4 17. Rc1 bxc3 18. Nxc6 Rxc6 19. Rxc3 Bxf2+ 20. Rxf2 Qb6 21. Qb3
Rfc8 22. Qxb6 Rxb6 23. Rxc8+ Bxc8 24. Nd4 Bb7 25. Rc2 Kf8 26. Kf2 Ke7 27. Bf1
f6 28. Nf3 Bc6 29. Bd3 h6 30. Nd4 Ba4 31. b3 fxe5 32. fxe5 Nxe5 33. Be2 Bd7 34.
Ke3 Nc6 35. Nxc6+ Bxc6 36. Bg4 Kd6 37. Be2 a5 38. h4 Bd7 39. g4 Rc6 40. Rd2 e5
41. Bc4 Be6 42. Kf3 Kc5 43. Be2 Kb4 44. Kf2 g5 45. hxg5 hxg5 46. Bf3 e4 47. Bd1
Rc3 48. Rd4+ Kc5 49. Ra4 Rc1 50. Be2 Rc2 51. Rxa5+ Kd4 52. Ra4+ Ke5 53. Kf1 d4
54. Ke1 d3 55. Bd1 d2+ 56. Kf2 Rc1 57. Be2 d1=Q 0-1

[Event "DVM U16 2012"]
[Site "Naumburg (Saale) GER"]
[Date "2012.12.27"]
[Round "1"]
[White "Simanowski, Mio"]
[Black "Xiong, Ferdinand"]
[Result "1/2-1/2"]
[Termination "normal"]
[Board "3.1"]
[WhiteElo "1893"]
[BlackElo "2002"]
[WhiteTeam "SV Mülheim-Nord 1931"]
[BlackTeam "SC Vaterstetten"]
[WhiteFideId "24687154"]
[BlackFideId "24654132"]
[EventCountry "GER"]
[EventRounds "7"]
[EventType "team-swiss"]
[EventDate "2012.12.26"]

1. e4 c5 2. Nf3 d6 3. d4 cxd4 4. Qxd4 Nc6 5. Bb5 Bd7 6. Bxc6 bxc6 7. c4 e5 8.
Qd3 Nf6 9. Nc3 Be7 10. O-O O-O 11. Bg5 Ne8 12. Bxe7 Qxe7 13. Rfe1 f5 14. Rad1
fxe4 15. Nxe4 Bf5 16. Qb3 Kh8 17. Qa3 Rd8 18. Ng3 Bg4 19. Nxe5 Qg5 20. Nxg4
Qxg4 21. Qxa7 Nf6 22. Qd4 Qg6 23. Re6 c5 24. Qd3 Qxd3 25. Rxd3 d5 26. cxd5 Nxd5
27. Ne4 Nb4 28. Rxd8 Rxd8 29. Nd6 Kg8 30. a4 Nd3 31. b3 1/2-1/2

[Event "DVM U16 2012"]
[Site "Naumburg (Saale) GER"]
[Date "2012.12.27"]
[Round "1"]
[White "Nitsche-Hahn, Raphael"]
[Black "Vavro, Maximilian"]
[Result "1-0"]
[Termination "normal"]
[Board "3.2"]
[WhiteElo "1927"]
[BlackElo "1839"]
[WhiteTeam "SC Vaterstetten"]
[BlackTeam "SV Mülheim-Nord 1931"]
[WhiteFideId "4613120"]
[BlackFideId "12918954"]
[EventCountry "GER"]
[EventRounds "7"]
[EventType "team-swiss"]
[EventDate "2012.12.26"]

1. d4 d5 2. Nf3 Nf6 3. b3 e6 4. e3 c5 5. Bb2 Nc6 6. Be2 Be7 7. O-O O-O 8. dxc5
Bxc5 9. Nc3 b6 10. Nb5 Bb7 11. Rc1 a6 12. Nbd4 Rc8 13. Nxc6 Rxc6 14. Bd3 h6 15.
Qe2 b5 16. Rfd1 Qe7 17. Ne5 Rcc8 18. Ng4 Nd7 19. c4 dxc4 20. bxc4 h5 21. Bh7+
Kxh7 22. Rxd7 Qxd7 23. Nf6+ gxf6 24. Qxh5+ Kg7 25. Qg5+ Kh7 26. Bxf6 Rg8 27.
Qh5# 1-0

[Event "DVM U16 2012"]
[Site "Naumburg (Saale) GER"]
[Date "2012.12.27"]
[Round "1"]
[White "Stoer, Nathan"]
[Black "Schackmann, Oliver"]
[Result "0-1"]
[Termination "normal"]
[Board "3.3"]
[WhiteElo "1706"]
[BlackElo "1908"]
[WhiteTeam "SV Mülheim-Nord 1931"]
[BlackTeam "SC Vaterstetten"]
[WhiteFideId "1271569"]
[BlackFideId "12905267"]
[EventCountry "GER"]
[EventRounds "7"]
[EventType "team-swiss"]
[EventDate "2012.12.26"]

1. Nf3 d5 2. g3 Nf6 3. Bg2 c6 4. d3 Bf5 5. O-O e6 6. Re1 h6 7. Nbd2 Be7 8. Nd4
Bh7 9. N4b3 O-O 10. e4 dxe4 11. Nxe4 Nd5 12. Nec5 Qb6 13. Na4 Qb4 14. Bxd5 cxd5
15. Nc3 Bf6 16. Bd2 Qb6 17. Qg4 Bg6 18. Be3 Qc6 19. Nd4 Qd7 20. Nb3 Rd8 21. Bd4
e5 22. Qxd7 Nxd7 23. Bc5 Nxc5 24. Nxc5 b6 25. Na6 Rac8 26. Rac1 Kf8 27. Nb4 Rc5
28. Na6 Ra5 29. Nb4 Rd6 30. a4 a6 31. Nba2 Rc5 32. f3 a5 33. Re2 Rdc6 34. Kf2
d4 35. Ne4 Bxe4 36. Rxe4 Bg5 37. f4 f5 38. Rxe5 Rxe5 39. fxg5 hxg5 40. c4 Rce6
41. Rc2 f4 42. Nc1 Rh6 43. Kg2 Re3 44. gxf4 gxf4 45. Ne2 f3+ 46. Kf1 0-1

[Event "DVM U16 2012"]
[Site "Naumburg (Saale) GER"]
[Date "2012.12.27"]
[Round "1"]
[White "Frenkel, Maxim"]
[Black "Kremer, Moritz"]
[Result "1/2-1/2"]
[Termination "normal"]
[Board "3.4"]
[WhiteElo "1859"]
[BlackElo "1725"]
[WhiteTeam "SC Vaterstetten"]
[BlackTeam "SV Mülheim-Nord 1931"]
[WhiteFideId "4620909"]
[BlackFideId "1270623"]
[EventCountry "GER"]
[EventRounds "7"]
[EventType "team-swiss"]
[EventDate "2012.12.26"]

1. d4 d5 2. Nf3 Nf6 3. c4 c6 4. Nc3 e6 5. Bf4 Nbd7 6. e3 Be7 7. Be2 b6 8. h3
Bb7 9. Rc1 a6 10. a3 dxc4 11. Bxc4 c5 12. dxc5 Nxc5 13. Qxd8+ Bxd8 14. b4 Nce4
15. O-O Rc8 16. Ne2 O-O 17. Bb3 Be7 18. Rfd1 Rxc1 19. Rxc1 Bd6 20. Bxd6 Nxd6
21. Ned4 Rc8 22. Rxc8+ Nxc8 23. Ne5 Nd6 24. f3 Kf8 25. e4 Ke8 26. Nec6 Nb5 27.
Nxb5 Bxc6 28. Nd6+ Kf8 29. Nc4 Nd7 30. Kf2 Ke7 31. Ke3 e5 32. Kf2 g6 33. Ne3
Nf6 34. Nc4 Nd7 35. Ne3 Nf6 36. g4 h6 37. Nc4 Nd7 38. Ne3 Nf6 39. Nc4 Nd7 40.
Ne3 Nf6 41. Nc4 1/2-1/2

[Event "DVM U16 2012"]
[Site "Naumburg (Saale) GER"]
[Date "2012.12.27"]
[Round "1"]
[White "Feuerherdt, Martin"]
[Black "Becker, Dirk"]
[Result "1/2-1/2"]
[Termination "normal"]
[Board "4.2"]
[WhiteElo "1803"]
[BlackElo "1813"]
[WhiteTeam "SV Merseburg"]
[BlackTeam "OSG Baden-Baden"]
[WhiteFideId "12910341"]
[BlackFideId "12938564"]
[EventCountry "GER"]
[EventRounds "7"]
[EventType "team-swiss"]
[EventDate "2012.12.26"]

1. e4  d5 2. exd5 Qxd5 3. Nc3 Qd6 4. d4 Nf6 5. Nf3 c6 6. Bc4 Bg4 7. Be3 e6 8.
O-O Be7 9. h3 Bxf3 10. Qxf3 O-O 11. Rad1 Nbd7 12. Bf4 Qb4 13. Bb3 Rac8 14. Ne4
Nxe4 15. Qxe4 Nf6 16. Qe5 Nd5 17. c3 Qb6 18. Bxd5 cxd5 19. Rd2 a5 20. g4 Rc6
21. g5 Bd6 22. Qe3 Bxf4 23. Qxf4 Qc7 24. Qxc7 Rxc7 25. h4 g6 26. Kg2 Kg7 27.
Kg3 h6 28. gxh6+ Kxh6 29. Kf4 Kg7 30. f3 Rh8 31. Rh1 Rh5 32. Re2 Rc8 33. Kg4
Rch8 34. f4 Kf6 35. Re5 b6 36. a4 R5h7 37. Rh3 Rc8 38. Rh1 1/2-1/2

[Event "DVM U16 2012"]
[Site "Naumburg (Saale) GER"]
[Date "2012.12.27"]
[Round "1"]
[White "Steimbach, Isabel"]
[Black "Hoffmann, Dustin"]
[Result "0-1"]
[Termination "normal"]
[Board "4.3"]
[WhiteElo "1761"]
[BlackElo "1706"]
[WhiteTeam "OSG Baden-Baden"]
[BlackTeam "SV Merseburg"]
[WhiteFideId "24692174"]
[BlackFideId "1270566"]
[EventCountry "GER"]
[EventRounds "7"]
[EventType "team-swiss"]
[EventDate "2012.12.26"]

1. e4  c5 2. c3 Nf6 3. e5 Nd5 4. Nf3 e6 5. Bc4 d6 6. exd6 Bxd6 7. O-O O-O 8. d4
cxd4 9. cxd4 Nc6 10. Nc3 a6 11. Ne4 Be7 12. a3 b5 13. Bb3 Nf6 14. Re1 Nxe4 15.
Rxe4 Bb7 16. Rg4 Bf6 17. Bg5 Bxg5 18. Nxg5 h6 19. Nxe6 fxe6 20. Bxe6+ Kh8 21.
d5 Ne5 22. Re4 Qf6 23. Qe2 Nc4 24. f4 Qxb2 25. Qe1 Rad8 26. Rb1 Qxa3 27. Rxc4
bxc4 28. Rxb7 Rxf4 29. Rxg7 Kxg7 30. Qe5+ Rf6 31. Qc7+ Kg6 32. h4 Qc1+ 0-1

[Event "DVM U16 2012"]
[Site "Naumburg (Saale) GER"]
[Date "2012.12.27"]
[Round "1"]
[White "Jacob, Hannes"]
[Black "Fesselier, Melissa"]
[Result "1/2-1/2"]
[Termination "normal"]
[Board "4.4"]
[WhiteElo "1659"]
[BlackElo "1723"]
[WhiteTeam "SV Merseburg"]
[BlackTeam "OSG Baden-Baden"]
[WhiteFideId "12910350"]
[BlackFideId "20689284"]
[EventCountry "GER"]
[EventRounds "7"]
[EventType "team-swiss"]
[EventDate "2012.12.26"]

1. e4 c5 2. Nf3 Nc6 3. d4 cxd4 4. Nxd4 e6 5. Nc3 a6 6. Be3 Qc7 7. Be2 Nf6 8. a3
Be7 9. O-O O-O 10. Kh1 b5 11. f4 Nxd4 12. Bxd4 Bb7 13. Bxf6 Bxf6 14. e5 Be7 15.
Bf3 Bxf3 16. Rxf3 d6 17. Rh3 dxe5 18. Qh5 h6 19. fxe5 Bg5 20. Re1 Qc5 21. Rf3
Rad8 22. h4 Be7 23. Ne4 Qd5 24. Rg3 g6 25. Rxg6+ fxg6 26. Qxg6+ Kh8 27. Qxh6+
1/2-1/2

[Event "DVM U16 2012"]
[Site "Naumburg (Saale) GER"]
[Date "2012.12.27"]
[Round "1"]
[White "Noe, Christopher"]
[Black "Hobusch, Jan"]
[Result "1-0"]
[Termination "normal"]
[Board "5.1"]
[WhiteElo "2197"]
[BlackElo "2060"]
[WhiteTeam "SC Eppingen"]
[BlackTeam "SG Solingen"]
[WhiteFideId "24692018"]
[BlackFideId "12907634"]
[EventCountry "GER"]
[EventRounds "7"]
[EventType "team-swiss"]
[EventDate "2012.12.26"]

1. e4 c5 2. Nf3 d6 3. Bb5+ Bd7 4. Bxd7+ Qxd7 5. O-O Nc6 6. c3 Nf6 7. Qe2 e6 8.
d3 Be7 9. Bg5 O-O 10. Nbd2 Qc7 11. Rfe1 Rfd8 12. Nf1 d5 13. Ng3 Rac8 14. e5 Nd7
15. h4 b5 16. Qe3 Nb6 17. Nh5 Kh8 18. Qf4 Rf8 19. Qg4 Rg8 20. Bf4 Nd7 21. Ng5
Bxg5 22. hxg5 Rge8 23. g3 d4 24. Rac1 dxc3 25. bxc3 c4 26. d4 Ne7 27. Nf6 gxf6
28. exf6 Qc6 29. fxe7 Rxe7 30. d5 Qxd5 31. Rcd1 Qc6 32. Qh4 Ree8 33. Qh6 Kg8
34. Rd6 Qb7 35. Rxd7 Qxd7 36. Be5 f6 37. Qxf6 Rf8 38. Qh8+ Kf7 39. Qxh7+ Ke8
40. Qe4 Rf5 41. g6 Qd5 42. Qxd5 exd5 43. f4 Kf8 44. Bd4 a5 45. Kg2 b4 46. Kf3
Rh5 47. f5 b3 48. Kg4 Rh2 49. f6 bxa2 50. Kg5 Rd2 51. g7+ Kf7 52. Re7+ Kg8 53.
f7+ Kh7 54. f8=Q 1-0

[Event "DVM U16 2012"]
[Site "Naumburg (Saale) GER"]
[Date "2012.12.27"]
[Round "1"]
[White "Zolfagharian, Kevin"]
[Black "Hahn, Cedric"]
[Result "1-0"]
[Termination "normal"]
[Board "5.2"]
[WhiteElo "1981"]
[BlackElo "1665"]
[WhiteTeam "SG Solingen"]
[BlackTeam "SC Eppingen"]
[WhiteFideId "12933570"]
[BlackFideId "12910538"]
[EventCountry "GER"]
[EventRounds "7"]
[EventType "team-swiss"]
[EventDate "2012.12.26"]

1. e4 e6 2. Nf3 d5 3. Nc3 Nf6 4. e5 Nfd7 5. d4 c5 6. Bg5 Qb6 7. dxc5 Bxc5 8.
Qd2 Nc6 9. Na4 Qb4 10. Nxc5 Qxd2+ 11. Bxd2 Nxc5 12. Bb5 Bd7 13. Be3 b6 14. Bxc6
Bxc6 15. Nd4 Rc8 16. a4 a5 17. O-O Bxa4 18. b4 axb4 19. Rfb1 O-O 20. Rxb4 b5
21. Nxb5 Bxb5 22. Rxb5 Nd7 23. f4 Rxc2 24. Ra7 Nb8 25. Bc5 Rc8 26. Ra8 h6 27.
Rbxb8 Rxb8 28. Rxb8+ Kh7 29. Be3 Re2 30. Rb3 Kg6 31. g4 h5 32. h3 hxg4 33. hxg4
f6 34. Kf1 Rc2 35. Rb6 Kf7 36. f5 fxe5 37. fxe6+ Kf6 38. g5+ Ke7 39. g6 Kf6 40.
Bf2 Rc4 41. Be1 Kxg6 42. e7+ Kf7 43. Re6 Ke8 44. Rxe5 Re4 45. Rxe4 dxe4 46. Bh4
1-0

[Event "DVM U16 2012"]
[Site "Naumburg (Saale) GER"]
[Date "2012.12.27"]
[Round "1"]
[White "Bay, Nicolai"]
[Black "Reksten, Daniel"]
[Result "1/2-1/2"]
[Termination "normal"]
[Board "5.3"]
[WhiteElo "1688"]
[BlackElo "1903"]
[WhiteTeam "SC Eppingen"]
[BlackTeam "SG Solingen"]
[WhiteFideId "12927619"]
[BlackFideId "24692590"]
[EventCountry "GER"]
[EventRounds "7"]
[EventType "team-swiss"]
[EventDate "2012.12.26"]

1. e4  c6 2. d4 d5 3. exd5 cxd5 4. c4 Nf6 5. Nc3 Nc6 6. Bg5 e6 7. Nf3 Be7 8. c5
O-O 9. Bb5 Qc7 10. O-O Ng4 11. Bxe7 Nxe7 12. h3 Nf6 13. Ne5 Nd7 14. Re1 Nf5 15.
Qd3 Nxe5 16. Rxe5 b6 17. b4 a5 18. Rxf5 axb4 19. Nxd5 exd5 20. Rxd5 Be6 21. Re5
Rxa2 22. Rxa2 Bxa2 23. Bc4 Rd8 24. Re1 Bxc4 25. Qxc4 bxc5 26. dxc5 b3 27. Qxb3
Qxc5 28. Qe3 Qxe3 29. Rxe3 g6 30. f3 1/2-1/2

[Event "DVM U16 2012"]
[Site "Naumburg (Saale) GER"]
[Date "2012.12.27"]
[Round "1"]
[White "Nguyen, Gia Huy Philipp"]
[Black "Essig, Philipp"]
[Result "0-1"]
[Termination "normal"]
[Board "5.4"]
[WhiteElo "1450"]
[BlackElo "1471"]
[WhiteTeam "SG Solingen"]
[BlackTeam "SC Eppingen"]
[WhiteFideId "12933597"]
[EventCountry "GER"]
[EventRounds "7"]
[EventType "team-swiss"]
[EventDate "2012.12.26"]

1. e4 e6 2. Nf3 d5 3. Nc3 Nf6 4. e5 Nfd7 5. d4 c5 6. Bg5 Qb6 7. dxc5 Bxc5 8.
Qd2 Nc6 9. Na4 Qb4 10. Nxc5 Qxd2+ 11. Bxd2 Nxc5 12. Bb5 Bd7 13. Be3 b6 14. Bxc6
Bxc6 15. Nd4 Rc8 16. a4 a5 17. O-O Bxa4 18. b4 axb4 19. Rfb1 O-O 20. Rxb4 b5
21. Nxb5 Bxb5 22. Rxb5 Nd7 23. f4 Rxc2 24. Ra7 Nb8 25. Bc5 Nc6 26. Rab7 Ra8 27.
h3 h6 28. R7b6 Ra5 29. Rxa5 Nxa5 30. Bb4 Nc4 31. Rc6 Ne3 32. Rxc2 Nxc2 33. Bd2
f6 34. Kf2 Kf7 35. g4 g6 36. h4 fxe5 37. fxe5 h5 38. Kf3 Nd4+ 39. Kf4 Nc6 40.
gxh5 gxh5 41. Bc3 Kg6 42. Bb2 Ne7 43. Bd4 Kh6 44. Be3 Ng6+ 45. Kg3+ Kg7 46. Bc5
Kf7 47. Bd6 Ke8 48. Ba3 Nxe5 49. Kf4 Nf7 50. Bb2 Kd7 51. Bd4 Kc6 52. Bc3 Kc5
53. Bb2 d4 54. Ke4 e5 55. Kd3 Nd6 56. Ba3+ Kd5 0-1

[Event "DVM U16 2012"]
[Site "Naumburg (Saale) GER"]
[Date "2012.12.27"]
[Round "1"]
[White "Carmesin, Matthias"]
[Black "Richter, Leonard"]
[Result "1/2-1/2"]
[Termination "normal"]
[Board "6.1"]
[WhiteElo "1979"]
[BlackElo "1926"]
[WhiteTeam "Stader SV"]
[BlackTeam "BSG Grün-Weiß Leipzig"]
[WhiteFideId "4635965"]
[BlackFideId "12900290"]
[EventCountry "GER"]
[EventRounds "7"]
[EventType "team-swiss"]
[EventDate "2012.12.26"]

1. e4 c5 2. Nc3 Nc6 3. Nf3 e5 4. Bc4 Be7 5. d3 Nf6 6. Nd5 d6 7. a3 Be6 8. c3 a6
9. b4 b5 10. Nxf6+ Bxf6 11. Bxe6 fxe6 12. Qb3 Qe7 13. a4 Rb8 14. axb5 axb5 15.
bxc5 dxc5 16. Ra6 Qd6 17. O-O O-O 18. Be3 Rfe8 19. Rfa1 h6 20. h3 Be7 21. Nxe5
c4 22. dxc4 Qxe5 23. Rxc6 Qxe4 24. Raa6 bxc4 25. Qxc4 Rb1+ 26. Kh2 Bd6+ 27. f4
Qxe3 28. Rxd6 Qg1+ 29. Kg3 Qe3+ 30. Kh2 Qg1+ 31. Kg3 Qe3+ 1/2-1/2

[Event "DVM U16 2012"]
[Site "Naumburg (Saale) GER"]
[Date "2012.12.27"]
[Round "1"]
[White "Schmücker, Felix"]
[Black "Vöge, Tobias"]
[Result "1/2-1/2"]
[Termination "normal"]
[Board "6.2"]
[WhiteElo "2073"]
[BlackElo "1846"]
[WhiteTeam "BSG Grün-Weiß Leipzig"]
[BlackTeam "Stader SV"]
[WhiteFideId "12900273"]
[BlackFideId "1270513"]
[EventCountry "GER"]
[EventRounds "7"]
[EventType "team-swiss"]
[EventDate "2012.12.26"]

1. e4 e6 2. d4 d5 3. Nc3 Nf6 4. e5 Nfd7 5. f4 c5 6. Nf3 Nc6 7. Be3 Qb6 8. Na4
Qa5+ 9. c3 cxd4 10. b4 Qc7 11. Nxd4 Nxd4 12. Bxd4 Nb8 13. Be2 Nc6 14. Bc5 Bxc5
15. Nxc5 g5 16. fxg5 Qxe5 17. O-O Qxc3 18. Bh5 O-O 19. Kh1 Nxb4 20. Rc1 Qg7 21.
Rf3 Nc6 22. h4 Nd4 23. Rf6 Nf5 24. Qe1 h6 25. Rc3 hxg5 26. hxg5 b6 27. Nb3 d4
28. Rc7 Qxg5 29. Bxf7+ Kh8 30. Rxf5 Qxf5 31. Qh4+ Qh7 32. Qxh7+ Kxh7 33. Bxe6+
Kg6 34. Bd5 Rb8 35. Nxd4 Rf1+ 36. Kh2 Ba6 37. Rxa7 Bd3 38. Nf3 Be2 39. Be4+ Kf6
40. Nd4 Rh8+ 1/2-1/2

[Event "DVM U16 2012"]
[Site "Naumburg (Saale) GER"]
[Date "2012.12.27"]
[Round "1"]
[White "Vogt, Marc Jonas"]
[Black "Caprita, Victor"]
[Result "1-0"]
[Termination "normal"]
[Board "6.3"]
[WhiteElo "1856"]
[BlackElo "1482"]
[WhiteTeam "Stader SV"]
[BlackTeam "BSG Grün-Weiß Leipzig"]
[WhiteFideId "24695661"]
[BlackFideId "12946125"]
[EventCountry "GER"]
[EventRounds "7"]
[EventType "team-swiss"]
[EventDate "2012.12.26"]

1. e4 e6 2. d4 d5 3. Nc3 Nf6 4. e5 Nfd7 5. Nf3 c5 6. dxc5 Bxc5 7. Bf4 Nc6 8.
Bd3 f5 9. exf6 Nxf6 10. Qe2 a6 11. O-O O-O 12. Ne5 Nxe5 13. Bxe5 Bd7 14. a4 Rc8
15. Qf3 Qe7 16. Qg3 Bc6 17. Rae1 Rce8 18. Qh3 h6 19. Qg3 Qd7 20. Kh1 Rd8 21. f4
Bb4 22. f5 d4 23. fxe6 Qe7 24. Bxf6 Rxf6 25. Rxf6 Qxf6 26. Ne4 Bxe4 27. Rxe4
Rf8 28. h3 Re8 29. b3 Rd8 30. Rf4 Bd6 31. Rxf6 Bxg3 32. Rf7 Re8 33. Bc4 b5 34.
axb5 axb5 35. Bd5 Bh4 36. e7 Kh7 37. Be4+ Kg8 38. Bd5 Kh7 39. Rf4 Bg5 40. Be4+
Kg8 41. Rf8+ Rxf8 42. Bd5+ 1-0